The Economiy of Communist China
Saved in:
| Main Author: | |
|---|---|
| Format: | Book |
| Language: | Undetermined |
| Published: |
London
Pall Mall Press
1965
|
| Subjects: | |
| Tags: |
Add Tag
No Tags, Be the first to tag this record!
|
| Institutions: | Trung tâm Học liệu Trường Đại học Cần Thơ |
|---|
| LEADER | 00475nam a2200181Ia 4500 | ||
|---|---|---|---|
| 001 | CTU_92566 | ||
| 008 | 210402s9999 xx 000 0 und d | ||
| 082 | |a 330.951 | ||
| 082 | |b W959 | ||
| 100 | |a Wu, Yuan-Li | ||
| 245 | 4 | |a The Economiy of Communist China | |
| 245 | 0 | |c Yuan-Li Wu | |
| 260 | |a London | ||
| 260 | |b Pall Mall Press | ||
| 260 | |c 1965 | ||
| 650 | |a China economic conditions | ||
| 904 | |i Hiếu | ||
| 980 | |a Trung tâm Học liệu Trường Đại học Cần Thơ | ||